000 00315nam a22001337a 4500
008 171014b xxu||||| |||| 00| 0 eng d
020 _a9780324171815
041 _aeng
080 _a330.101.541
100 _a52
101 _aMAK
245 _aENVIRONMENTAL ECONOMICS & MANAGEMENT
_cCALLAN, S.J
942 _2udc
_cBK
999 _c33964
_d33964